[Event "CAN-ch"]
[Site "Montreal CAN"]
[Date "2001.08.24"]
[Round "5"]
[White "Reddy, Tyler"]
[Black "Yoos, John"]
[Result "0-1"]
[WhiteElo "2084"]
[BlackElo "2360"]
[PlyCount "66"]
[GameId "2160767911546969"]
[EventDate "2001.08.21"]
[EventType "swiss"]
[EventRounds "9"]
[EventCountry "CAN"]
[SourceTitle "EXT 2002"]
[Source "ChessBase"]
[SourceDate "2001.11.25"]
[SourceVersion "1"]
[SourceVersionDate "2001.11.25"]
[SourceQuality "1"]

1. c4 d6 2. g3 g6 3. Bg2 Bg7 4. Nc3 e5 5. e4 Nc6 6. Nge2 h5 7. h4 Be6 8. d3 Nh6 9. O-O O-O 10. Nd5 Kh7 11. Rb1 Qd7 12. b4 Nd8 13. b5 c6 14. Ndc3 c5 15. Nd5 Bxd5 16. exd5 f5 17. f4 Ndf7 18. Kh1 b6 19. a4 Rae8 20. Ng1 exf4 21. Bxf4 Ng4 22. Qd2 Re7 23. Rbe1 Rfe8 24. Nh3 Bd4 25. Bg5 Be3 26. Bxe3 Rxe3 27. Rxe3 Rxe3 28. Bf3 Qe7 29. Bxg4 hxg4 30. Nf4 Rxg3 31. Rf2 Qe5 32. Re2 Qd4 33. Rg2 Rf3 0-1

[Event "CAN-ch"]
[Site "Montreal CAN"]
[Date "2001.08.24"]
[Round "5"]
[White "Spraggett, Kevin"]
[Black "Mikanovic, Goran"]
[Result "1-0"]
[WhiteElo "2531"]
[BlackElo "2273"]
[PlyCount "170"]
[GameId "2160767911546971"]
[EventDate "2001.08.21"]
[EventType "swiss"]
[EventRounds "9"]
[EventCountry "CAN"]
[SourceTitle "The Week in Chess 355"]
[Source "Mark Crowther"]
[SourceDate "2001.08.27"]
[SourceVersion "1"]
[SourceVersionDate "2001.08.27"]
[SourceQuality "2"]

1. e4 c5 2. Nf3 e6 3. d3 Nc6 4. g3 d5 5. Qe2 Nf6 6. Bg2 Be7 7. O-O b6 8. e5 Nd7 9. c4 d4 10. Nfd2 Bb7 11. f4 Qc7 12. Ne4 g6 13. Nbd2 a6 14. Nf3 b5 15. b3 Rb8 16. Bd2 bxc4 17. dxc4 Ba8 18. Ne1 a5 19. Nd3 Nb4 20. Bxb4 axb4 21. a4 bxa3 22. Rxa3 O-O 23. Rfa1 Bxe4 24. Bxe4 Rfc8 25. Ra7 Qd8 26. R1a3 Rc7 27. Qa2 Nf8 28. Kf1 h5 29. h4 Qc8 30. Ra8 Qd8 31. Rxb8 Qxb8 32. Ra8 Qb6 33. Qa4 Kg7 34. Ke2 Nd7 35. Kd2 Nf8 36. Kc2 Nd7 37. Ra6 Qb8 38. Bc6 Qd8 39. Bf3 Nf8 40. Ra8 Rc8 41. Rxc8 Qxc8 42. Qa7 Nd7 43. Kb2 Bf8 44. Kb1 Kg8 45. Be4 Kg7 46. Qb7 Qxb7 47. Bxb7 Be7 48. Bc6 Nb6 49. Kc2 Kf8 50. Kd2 Kg7 51. Ke2 Kf8 52. Kf3 Kg7 53. Ke4 Kf8 54. Bb5 Kg7 55. b4 cxb4 56. Kxd4 Na8 57. c5 Nc7 58. Bc4 Kf8 59. Nxb4 Ke8 60. Bd3 Kd7 61. Kc4 Bf8 62. Be4 Be7 63. Bc6+ Kd8 64. Nd3 Bf8 65. Nf2 Ke7 66. Ne4 Bg7 67. Kb4 f6 68. exf6+ Bxf6 69. Nxf6 Kxf6 70. Be4 e5 71. fxe5+ Kxe5 72. Bxg6 Kd4 73. c6 Kd5 74. Bxh5 Kxc6 75. Bf7 Kd6 76. g4 Ke7 77. Bc4 Ne8 78. g5 Ng7 79. Be2 Ne6 80. Bg4 Nf4 81. Kc5 Kf7 82. Bf5 Kg7 83. Kd4 Kh8 84. Ke5 Nh5 85. Bg4 Ng7 1-0

[Event "CAN-ch"]
[Site "Montreal CAN"]
[Date "2001.08.25"]
[Round "6"]
[White "Chabot, Roland"]
[Black "Haessel, Dale"]
[Result "1-0"]
[WhiteElo "2225"]
[BlackElo "2205"]
[PlyCount "58"]
[GameId "2160767911546974"]
[EventDate "2001.08.21"]
[EventType "swiss"]
[EventRounds "9"]
[EventCountry "CAN"]
[SourceTitle "EXT 2002"]
[Source "ChessBase"]
[SourceDate "2001.11.25"]
[SourceVersion "1"]
[SourceVersionDate "2001.11.25"]
[SourceQuality "1"]

1. d4 Nf6 2. c4 g6 3. Nc3 d5 4. Nf3 Bg7 5. Bg5 Ne4 6. cxd5 Nxg5 7. Nxg5 e6 8. Nf3 exd5 9. e3 O-O 10. b4 Re8 11. Be2 Bf8 12. a3 c6 13. O-O b5 14. a4 Bxb4 15. Na2 Bd6 16. axb5 cxb5 17. Bxb5 Bd7 18. Nc3 Bxb5 19. Nxb5 Bf8 20. Ne5 a5 21. Qf3 Re7 22. Nc3 Bg7 23. Nxd5 Rea7 24. Rac1 Bxe5 25. dxe5 Nd7 26. Qg3 a4 27. Rfd1 Kg7 28. e6 fxe6 29. Nc7 Qg8 1-0

[Event "CAN-ch"]
[Site "Montreal CAN"]
[Date "2001.08.25"]
[Round "6"]
[White "Gardner, Robert"]
[Black "Odachowski, Arthur"]
[Result "0-1"]
[WhiteElo "2206"]
[BlackElo "2197"]
[PlyCount "180"]
[GameId "2160767911546975"]
[EventDate "2001.08.21"]
[EventType "swiss"]
[EventRounds "9"]
[EventCountry "CAN"]
[SourceTitle "The Week in Chess 356"]
[Source "Mark Crowther"]
[SourceDate "2001.03.09"]
[SourceVersion "2"]
[SourceVersionDate "2001.03.09"]
[SourceQuality "2"]

1. g3 g6 2. f4 d5 3. Nf3 Bg7 4. Bg2 Nf6 5. O-O O-O 6. d3 Nc6 7. e3 Re8 8. d4 Bf5 9. a3 Qd7 10. Nbd2 Ne4 11. c4 Nxd2 12. Nxd2 e6 13. Qb3 Na5 14. Qc3 Nc6 15. h3 h5 16. Kh2 Ne7 17. b4 b6 18. c5 f6 19. Bb2 b5 20. Rg1 e5 21. Qb3 exf4 22. gxf4 Kh7 23. a4 a6 24. Nf3 c6 25. Nh4 Be6 26. Qc2 Nf5 27. Qf2 Nxh4 28. Qxh4 Bf5 29. Bc1 Rab8 30. axb5 axb5 31. Bf3 Ra8 32. Bd2 Qf7 33. Bg4 Be4 34. Ra5 Kg8 35. Be2 Bc2 36. Rga1 Rxa5 37. Rxa5 f5 38. Bf3 Bf6 39. Qg3 Kh7 40. Ra6 Qb7 41. Rb6 Qd7 42. Ra6 Ba4 43. Qg2 Bd8 44. Qg1 Rf8 45. Bd1 Qb7 46. Rxa4 bxa4 47. Bxa4 Bh4 48. Qb1 Ra8 49. Bc2 Qa6 50. Bd3 Qa2 51. Qd1 Qa1 52. Bb1 Ra2 53. b5 cxb5 54. c6 Bd8 55. Qc1 Rxd2+ 56. Qxd2 Qxb1 57. Qc3 Qa2+ 58. Kg3 h4+ 59. Kf3 Qc4 60. Qa1 Qxc6 61. Qa7+ Bc7 62. Qa3 Bd6 63. Qa7+ Bc7 64. Qa3 Qd6 65. Qa8 b4 66. Qe8 Kg7 67. Qb5 Bd8 68. Qb7+ Be7 69. Qb5 Qe6 70. Kf2 Qe4 71. Qb7 Kf7 72. Qb5 Qc2+ 73. Kg1 Qc4 74. Qb7 b3 75. Kf2 Qc2+ 76. Kf3 Qc4 77. Kf2 Ke6 78. Qb8 Qc2+ 79. Kf3 Kf7 80. Qb7 Qe4+ 81. Kf2 Qh1 82. Qxb3 Qh2+ 83. Ke1 Qxh3 84. Qxd5+ Kg7 85. Ke2 Qg4+ 86. Kf2 h3 87. Qe5+ Bf6 88. Qc7+ Kh6 89. Qc6 Bh4+ 90. Kf1 Qd1# 0-1

[Event "CAN-ch"]
[Site "Montreal CAN"]
[Date "2001.08.25"]
[Round "6"]
[White "St Amand, Paul Jr"]
[Black "Reddy, Tyler"]
[Result "0-1"]
[WhiteElo "2208"]
[BlackElo "2084"]
[PlyCount "156"]
[GameId "2160767911546986"]
[EventDate "2001.08.21"]
[EventType "swiss"]
[EventRounds "9"]
[EventCountry "CAN"]
[SourceTitle "The Week in Chess 356"]
[Source "Mark Crowther"]
[SourceDate "2001.03.09"]
[SourceVersion "2"]
[SourceVersionDate "2001.03.09"]
[SourceQuality "2"]

1. e4 e6 2. d4 d5 3. e5 c5 4. c3 Nc6 5. Nf3 Bd7 6. a3 c4 7. Nbd2 Na5 8. g3 Bc6 9. h4 Qd7 10. Bh3 Ne7 11. O-O Nc8 12. Ne1 Nb6 13. f4 g6 14. Rb1 O-O-O 15. Ndf3 Ba4 16. Qe2 Bb3 17. Be3 Na4 18. Ra1 Kb8 19. Ng2 Nb6 20. Nh2 Qa4 21. Rf2 Be7 22. Kh1 Rdg8 23. Rg1 Qb5 24. Ng4 h6 25. Nh2 Na4 26. Ra1 Qe8 27. Nf1 Qf8 28. Qd2 g5 29. Nh2 gxh4 30. gxh4 Rg3 31. Rf3 Rhg8 32. Raf1 Qd8 33. Bf2 R3g7 34. f5 exf5 35. Rxf5 a6 36. Rf3 Ka7 37. Be1 Qb6 38. Rxf7 Qg6 39. Rxg7 Rxg7 40. Bf5 Qh5 41. Be6 Nb6 42. Nf4 Qe8 43. Bh3 Qc6 44. Nh5 Rg8 45. Nf6 Rf8 46. Qxh6 Bc2 47. Bg2 Bd3 48. Rf2 Qa4 49. Bf3 Nc6 50. Nhg4 Qb3 51. Qd2 Qa2 52. h5 Qb1 53. Kh2 Na5 54. h6 Nb3 55. Qd1 Qa2 56. Be2 Bg6 57. Bf3 Bd3 58. h7 Rh8 59. Kg3 Na4 60. Bxd5 Nxb2 61. Qf3 Na5 62. Bd2 Qxa3 63. Bc1 Qxc3 64. Bxb2 Qe1 65. Bg8 Nb3 66. Qe3 Qh1 67. Qh6 Qg1+ 68. Kf4 c3 69. Bxc3 Qc1+ 70. Ne3 Qxc3 71. Bxb3 Qxd4+ 72. Kg3 Qxe5+ 73. Kg2 Be4+ 74. Kg1 Qg3+ 75. Kf1 Bd3+ 76. Ke1 Bb4+ 77. Kd1 Qxf2 78. Nc2 Qf1+ 0-1

[Event "CAN-ch"]
[Site "Montreal CAN"]
[Date "2001.08.26"]
[Round "7"]
[White "Gaspariants, Vladimir"]
[Black "Bluvshtein, Mark"]
[Result "0-1"]
[WhiteElo "2305"]
[BlackElo "2303"]
[PlyCount "132"]
[GameId "2160767911546989"]
[EventDate "2001.08.21"]
[EventType "swiss"]
[EventRounds "9"]
[EventCountry "CAN"]
[SourceTitle "The Week in Chess 356"]
[Source "Mark Crowther"]
[SourceDate "2001.03.09"]
[SourceVersion "2"]
[SourceVersionDate "2001.03.09"]
[SourceQuality "2"]

1. e4 c5 2. Nc3 Nc6 3. g3 g6 4. Bg2 Bg7 5. d3 e6 6. Be3 Nd4 7. Qd2 Ne7 8. Nd1 b6 9. c3 Ndc6 10. Bh6 Bxh6 11. Qxh6 Ba6 12. Nf3 Bxd3 13. Qg7 Rf8 14. Ne3 Qc7 15. Ng5 O-O-O 16. Nxf7 Rde8 17. Rd1 c4 18. Nxc4 Bxc4 19. Nd6+ Kb8 20. Nxc4 d5 21. Ne3 dxe4 22. O-O Nf5 23. Qxc7+ Kxc7 24. Bxe4 Nxe3 25. fxe3 Ne5 26. Rd2 Rxf1+ 27. Kxf1 Ng4 28. Re2 Rf8+ 29. Kg2 Kd6 30. h3 Ne5 31. Rd2+ Ke7 32. b3 h6 33. Rd4 Rc8 34. c4 a5 35. Kf2 g5 36. Ke2 Rc7 37. Kd1 Rc8 38. Kc2 Rf8 39. Rd2 Rf1 40. Kc3 Re1 41. Kd4 Nd7 42. Bg2 Nc5 43. g4 Kd6 44. e4 e5+ 45. Kc3+ Kc6 46. b4 Re3+ 47. Kc2 axb4 48. Kd1 Rc3 49. Rd8 Rd3+ 50. Rxd3 Nxd3 51. Kd2 Nc5 52. Kc2 Kd6 53. Kb2 Nb7 54. Bf3 Kc5 55. Bd1 Nd6 56. Bc2 Nxc4+ 57. Kb3 Nd2+ 58. Ka4 Kc4 59. Bd1 Nxe4 60. Be2+ Kc5 61. Kb3 Nc3 62. Bf1 e4 63. a3 e3 64. axb4+ Kd4 65. Ba6 e2 66. Bxe2 Nxe2 0-1

[Event "CAN-ch"]
[Site "Montreal CAN"]
[Date "2001.08.26"]
[Round "7"]
[White "Gurevich, Artjom"]
[Black "Gardner, Robert"]
[Result "1/2-1/2"]
[WhiteElo "2197"]
[BlackElo "2206"]
[PlyCount "86"]
[GameId "2160767911546992"]
[EventDate "2001.08.21"]
[EventType "swiss"]
[EventRounds "9"]
[EventCountry "CAN"]
[SourceTitle "EXT 2002"]
[Source "ChessBase"]
[SourceDate "2001.11.25"]
[SourceVersion "1"]
[SourceVersionDate "2001.11.25"]
[SourceQuality "1"]

1. d4 Nf6 2. c4 c5 3. d5 b5 4. cxb5 a6 5. b6 d6 6. Nc3 Nbd7 7. Nf3 g6 8. e4 Bg7 9. Nd2 O-O 10. a4 Nxb6 11. a5 Nbd7 12. Be2 Ne8 13. O-O Nc7 14. Re1 Rb8 15. Ra2 Nb5 16. Nxb5 axb5 17. Nf3 Ba6 18. Bf4 Qc8 19. Qc2 b4 20. Bc4 Ra8 21. h3 Qc7 22. Nd2 Rfb8 23. Qd3 Qb7 24. Bxa6 Rxa6 25. Nc4 Qb5 26. Qe2 Rba8 27. b3 Be5 28. Bg5 f6 29. Be3 Bc3 30. Bd2 Bxd2 31. Qxd2 Ne5 32. Nxe5 dxe5 33. Rc1 Rxa5 34. Rxa5 Qxa5 35. d6 e6 36. Qe3 Rd8 37. Qxc5 Qxc5 38. Rxc5 Rxd6 39. Rb5 Rd4 40. f3 Kg7 41. Kf2 f5 42. exf5 exf5 43. Rxe5 Rd3 1/2-1/2

[Event "CAN-ch"]
[Site "Montreal CAN"]
[Date "2001.08.26"]
[Round "7"]
[White "Kiviaho, Robert"]
[Black "Schleifer, Michael"]
[Result "0-1"]
[WhiteElo "2170"]
[BlackElo "2369"]
[PlyCount "59"]
[GameId "2160767911546994"]
[EventDate "2001.08.21"]
[EventType "swiss"]
[EventRounds "9"]
[EventCountry "CAN"]
[SourceTitle "EXT 2002"]
[Source "ChessBase"]
[SourceDate "2001.11.25"]
[SourceVersion "1"]
[SourceVersionDate "2001.11.25"]
[SourceQuality "1"]

1. d4 Nf6 2. c4 e6 3. Nf3 d5 4. Nc3 Be7 5. Bg5 h6 6. Bh4 O-O 7. e3 b6 8. Rc1 Bb7 9. Bxf6 Bxf6 10. cxd5 exd5 11. Bb5 a6 12. Ba4 Qd6 13. O-O Nd7 14. Qd3 Rfd8 15. Rfd1 g6 16. a3 b5 17. Bc2 Re8 18. Qd2 Nb6 19. Bd3 Rac8 20. h3 Bg7 21. Qc2 c5 22. dxc5 Qxc5 23. Nd4 Qe7 24. Bxg6 fxg6 25. Qxg6 Qf6 26. Qxf6 Bxf6 27. Nf5 Bxc3 28. Nd6 Bxb2 29. Rb1 Bxa3 30. Nxb7 0-1

[Event "CAN-ch"]
[Site "Montreal CAN"]
[Date "2001.08.26"]
[Round "7"]
[White "Milicevic, Dragoljub"]
[Black "Mikanovic, Goran"]
[Result "0-1"]
[WhiteElo "2269"]
[BlackElo "2273"]
[PlyCount "108"]
[GameId "2160767911546998"]
[EventDate "2001.08.21"]
[EventType "swiss"]
[EventRounds "9"]
[EventCountry "CAN"]
[SourceTitle "The Week in Chess 356"]
[Source "Mark Crowther"]
[SourceDate "2001.03.09"]
[SourceVersion "2"]
[SourceVersionDate "2001.03.09"]
[SourceQuality "2"]

1. Nf3 c5 2. c4 Nf6 3. g3 b6 4. Bg2 Bb7 5. Nc3 e6 6. O-O Be7 7. d4 cxd4 8. Qxd4 d6 9. Rd1 a6 10. Bg5 Nbd7 11. Qd2 Qc7 12. Rac1 Rd8 13. Bf4 Nc5 14. Qc2 O-O 15. Bg5 h6 16. Bxf6 Bxf6 17. b4 Nd7 18. Ne4 Be7 19. a3 Nf6 20. Nxf6+ Bxf6 21. Ne1 Bg5 22. f4 Be7 23. Bxb7 Qxb7 24. e4 Rc8 25. Qd3 Rc7 26. Rc2 Rfc8 27. Rdc1 Rc6 28. Nf3 R6c7 29. Nd4 Bf6 30. Nb3 Qc6 31. Nd2 Qa4 32. Kg2 e5 33. f5 Bg5 34. h4 Bxd2 35. Rxd2 Rc6 36. Rdc2 b5 37. c5 a5 38. Kf3 axb4 39. axb4 Qxb4 40. cxd6 Rxc2 41. Rxc2 Rxc2 42. Qxc2 Qxd6 43. Qc8+ Kh7 44. Qc3 b4 45. Qb3 Kg8 46. Ke2 Qd4 47. Kf3 h5 48. Qc2 Qb6 49. Qc8+ Kh7 50. Qe8 b3 51. Qxf7 b2 52. Qxh5+ Qh6 53. Qe8 b1=Q 54. Qxe5 Qd1+ 0-1

[Event "CAN-ch"]
[Site "Montreal CAN"]
[Date "2001.08.26"]
[Round "7"]
[White "Ochkoos, Jura"]
[Black "Chabot, Roland"]
[Result "1-0"]
[WhiteElo "2285"]
[BlackElo "2225"]
[PlyCount "126"]
[GameId "2160767911546999"]
[EventDate "2001.08.21"]
[EventType "swiss"]
[EventRounds "9"]
[EventCountry "CAN"]
[SourceTitle "The Week in Chess 356"]
[Source "Mark Crowther"]
[SourceDate "2001.03.09"]
[SourceVersion "2"]
[SourceVersionDate "2001.03.09"]
[SourceQuality "2"]

1. d4 Nf6 2. c4 d6 3. Nf3 Nbd7 4. Nc3 c6 5. e4 e5 6. Be2 Be7 7. O-O O-O 8. Re1 a6 9. a4 a5 10. h3 Qc7 11. Be3 Re8 12. d5 Nc5 13. Nd2 Qb8 14. Qc2 Bd7 15. Nb3 Nxb3 16. Qxb3 c5 17. f4 exf4 18. Bxf4 Bf8 19. Bf3 g6 20. Re2 Bg7 21. Rae1 Nh5 22. Bxh5 gxh5 23. Nb5 Bxb5 24. cxb5 Re5 25. Bxe5 Bxe5 26. Qf3 Qf8 27. Qxh5 Qg7 28. Rf1 Qg6 29. Rf5 Bd4+ 30. Kh1 Qxh5 31. Rxh5 Re8 32. b3 b6 33. Rf5 f6 34. g4 h6 35. Kg2 Kf7 36. Kf3 Kg6 37. h4 Rc8 38. Rc2 Re8 39. Rg2 Rc8 40. Rc2 Re8 41. Kf4 Rh8 42. Rc4 Be5+ 43. Ke3 Bg3 44. Rh5 Be5 45. Kd3 Re8 46. Rc1 Re7 47. Rf1 Re8 48. Rf3 Re7 49. Rhf5 Re8 50. Rf1 Re7 51. Rg1 Rh7 52. Rf3 Rh8 53. Kc4 Rh7 54. Rf5 Bd4 55. Rg2 Be5 56. Kd3 Rh8 57. Ke2 Rh7 58. g5 fxg5 59. hxg5 h5 60. Rf3 Rc7 61. Kd3 Rh7 62. Rh3 h4 63. Ke2 Bg3 1-0

[Event "CAN-ch"]
[Site "Montreal CAN"]
[Date "2001.08.26"]
[Round "7"]
[White "Spraggett, Kevin"]
[Black "Khassanov, Marat"]
[Result "1-0"]
[WhiteElo "2531"]
[BlackElo "2363"]
[PlyCount "66"]
[GameId "2160767911547002"]
[EventDate "2001.08.21"]
[EventType "swiss"]
[EventRounds "9"]
[EventCountry "CAN"]
[SourceTitle "The Week in Chess 356"]
[Source "Mark Crowther"]
[SourceDate "2001.03.09"]
[SourceVersion "2"]
[SourceVersionDate "2001.03.09"]
[SourceQuality "2"]

1. e4 e5 2. Nf3 Nc6 3. Bb5 a6 4. Ba4 Nf6 5. O-O Be7 6. Re1 b5 7. Bb3 O-O 8. a4 Rb8 9. d3 d6 10. Nbd2 h6 11. h3 Re8 12. c3 Bf8 13. axb5 axb5 14. Nf1 Be6 15. Bc2 Ra8 16. Rxa8 Qxa8 17. d4 exd4 18. Nxd4 Nxd4 19. cxd4 c5 20. e5 Nd7 21. dxc5 Nxc5 22. exd6 Qc6 23. Bf4 Rd8 24. b4 Na4 25. Qd3 Bxd6 26. Qh7+ Kf8 27. Qh8+ Ke7 28. Rxe6+ Kxe6 29. Qxd8 Bxf4 30. Bb3+ Kf5 31. g3 Bg5 32. Qd3+ Kf6 33. f4 Qc3 1-0

[Event "CAN-ch"]
[Site "Montreal CAN"]
[Date "2001.08.27"]
[Round "8"]
[White "Bluvshtein, Mark"]
[Black "Ochkoos, Jura"]
[Result "1-0"]
[WhiteElo "2303"]
[BlackElo "2285"]
[PlyCount "99"]
[GameId "2160767911547005"]
[EventDate "2001.08.21"]
[EventType "swiss"]
[EventRounds "9"]
[EventCountry "CAN"]
[SourceTitle "The Week in Chess 356"]
[Source "Mark Crowther"]
[SourceDate "2001.03.09"]
[SourceVersion "2"]
[SourceVersionDate "2001.03.09"]
[SourceQuality "2"]

1. e4 e5 2. Nf3 Nc6 3. Bb5 a6 4. Ba4 Nf6 5. O-O Be7 6. Re1 b5 7. Bb3 d6 8. c3 O-O 9. h3 Na5 10. Bc2 c5 11. d4 cxd4 12. cxd4 Bb7 13. Nbd2 Rc8 14. Nf1 Re8 15. d5 Nc4 16. b3 Nb6 17. Ng3 Nbd7 18. Be3 Qc7 19. Bd3 Qb8 20. b4 Bd8 21. a4 bxa4 22. Qxa4 Bb6 23. Bxa6 Bxa6 24. Bxb6 Qxb6 25. Qxa6 Qxb4 26. Rab1 Ra8 27. Qc6 Qa3 28. Rb7 Rec8 29. Rc7 Rxc7 30. Qxc7 g6 31. Rb1 h6 32. Qc6 Kg7 33. Nd2 Qa2 34. Rd1 Qa6 35. Nc4 Qa4 36. Rc1 Ra6 37. Qxa4 Rxa4 38. Nxd6 h5 39. h4 Ra2 40. Nf1 Ng4 41. f3 Ngf6 42. Ne3 Ra6 43. Rc6 Ra2 44. g4 hxg4 45. fxg4 Ra7 46. Kf2 Kf8 47. Kf3 Kg7 48. Ndc4 Rb7 49. g5 Nh5 50. d6 1-0

[Event "CAN-ch"]
[Site "Montreal CAN"]
[Date "2001.08.27"]
[Round "8"]
[White "Hamilton, Robert"]
[Black "Spraggett, Kevin"]
[Result "0-1"]
[WhiteElo "2307"]
[BlackElo "2531"]
[PlyCount "92"]
[GameId "2160767911547010"]
[EventDate "2001.08.21"]
[EventType "swiss"]
[EventRounds "9"]
[EventCountry "CAN"]
[SourceTitle "The Week in Chess 356"]
[Source "Mark Crowther"]
[SourceDate "2001.03.09"]
[SourceVersion "2"]
[SourceVersionDate "2001.03.09"]
[SourceQuality "2"]

1. d4 Nf6 2. Nf3 e6 3. c4 c5 4. d5 d6 5. Nc3 exd5 6. cxd5 g6 7. g3 Bg7 8. Bg2 O-O 9. h3 Nbd7 10. O-O a6 11. a4 Re8 12. Nd2 Ne5 13. Qc2 Nh5 14. b3 f5 15. Nc4 Rb8 16. a5 Qe7 17. Rb1 Rf8 18. Bf3 Bd7 19. Bb2 Bb5 20. Nxe5 Bxe5 21. Nxb5 axb5 22. Qd3 Bxb2 23. Rxb2 b4 24. e3 Nf6 25. a6 bxa6 26. Ra2 Nd7 27. Rxa6 Ne5 28. Qe2 Ra8 29. Raa1 Rxa1 30. Rxa1 g5 31. Bg2 f4 32. exf4 gxf4 33. Qe4 fxg3 34. fxg3 Rf7 35. Ra2 Qg5 36. Kh2 Kg7 37. Re2 h6 38. Rc2 h5 39. Ra2 Re7 40. Qb1 h4 41. gxh4 Qf4+ 42. Kh1 Nd3 43. Bf1 Re1 44. Rg2+ Kf8 45. Qxd3 Rxf1+ 46. Rg1 Rf3 0-1

[Event "CAN-ch"]
[Site "Montreal CAN"]
[Date "2001.08.27"]
[Round "8"]
[White "Lipnowski, Irwin"]
[Black "Milicevic, Dragoljub"]
[Result "1/2-1/2"]
[WhiteElo "2309"]
[BlackElo "2269"]
[PlyCount "102"]
[GameId "2160767911547014"]
[EventDate "2001.08.21"]
[EventType "swiss"]
[EventRounds "9"]
[EventCountry "CAN"]
[SourceTitle "The Week in Chess 356"]
[Source "Mark Crowther"]
[SourceDate "2001.03.09"]
[SourceVersion "2"]
[SourceVersionDate "2001.03.09"]
[SourceQuality "2"]

1. c4 f5 2. g3 g6 3. Bg2 Bg7 4. Nc3 e5 5. d3 Nf6 6. e4 O-O 7. Nge2 Nc6 8. O-O d6 9. Rb1 a5 10. h3 Be6 11. Nd5 Qd7 12. Kh2 Rf7 13. Be3 Raf8 14. Qd2 b6 15. b3 Kh8 16. Rbd1 Nh5 17. exf5 gxf5 18. f4 Nf6 19. Nxf6 Rxf6 20. d4 exd4 21. Nxd4 Nxd4 22. Bxd4 Rg6 23. Rfe1 Bxd4 24. Qxd4+ Qg7 25. Qd3 Rg8 26. Re3 h5 27. h4 Qf6 28. Qd4 Qxd4 29. Rxd4 Bd7 30. Rd1 Kh7 31. Rde1 R8g7 32. Bh3 Kh6 33. Bg2 Rf6 34. Re7 Rff7 35. Rxf7 Rxf7 36. Bd5 Rg7 37. Kg2 Kg6 38. Kf2 Kf6 39. Bf3 Rh7 40. Re3 Rh8 41. Ke2 Be8 42. Bd5 Bf7 43. Bc6 Rd8 44. Bd5 Rd7 45. Kd3 Re7 46. Rxe7 Kxe7 47. Bf3 Kd7 48. Kc3 c6 49. a3 Kc7 50. b4 axb4+ 51. axb4 c5 1/2-1/2

[Event "CAN-ch"]
[Site "Montreal CAN"]
[Date "2001.08.27"]
[Round "8"]
[White "Yoos, John"]
[Black "Kiviaho, Robert"]
[Result "1-0"]
[WhiteElo "2360"]
[BlackElo "2170"]
[PlyCount "59"]
[GameId "2160767911547020"]
[EventDate "2001.08.21"]
[EventType "swiss"]
[EventRounds "9"]
[EventCountry "CAN"]
[SourceTitle "EXT 2002"]
[Source "ChessBase"]
[SourceDate "2001.11.25"]
[SourceVersion "1"]
[SourceVersionDate "2001.11.25"]
[SourceQuality "1"]

1. e4 c5 2. Nf3 d6 3. d4 cxd4 4. Nxd4 Nf6 5. Nc3 g6 6. Be3 Bg7 7. f3 Nc6 8. Qd2 Bd7 9. Bc4 Rc8 10. Bb3 Ne5 11. O-O-O Nc4 12. Bxc4 Rxc4 13. Kb1 h5 14. h3 h4 15. Rhe1 Rh5 16. Qd3 Qc7 17. Nde2 b5 18. Nf4 Be6 19. Nxe6 fxe6 20. e5 dxe5 21. Nxb5 Qc8 22. Nxa7 e4 23. fxe4 Qc7 24. e5 Ne4 25. Bd4 Ng3 26. Nb5 Qc6 27. Qxg6+ Kf8 28. Bc3 Qc8 29. Nd4 Rh6 30. Nxe6+ 1-0

[Event "CAN-ch"]
[Site "Montreal CAN"]
[Date "2001.08.28"]
[Round "9"]
[White "Gaspariants, Vladimir"]
[Black "Mikanovic, Goran"]
[Result "1-0"]
[WhiteElo "2305"]
[BlackElo "2273"]
[PlyCount "87"]
[GameId "2160767911547021"]
[EventDate "2001.08.21"]
[EventType "swiss"]
[EventRounds "9"]
[EventCountry "CAN"]
[SourceTitle "The Week in Chess 356"]
[Source "Mark Crowther"]
[SourceDate "2001.03.09"]
[SourceVersion "2"]
[SourceVersionDate "2001.03.09"]
[SourceQuality "2"]

1. e4 c5 2. Nc3 Nc6 3. g3 g6 4. Bg2 Bg7 5. d3 d6 6. Be3 h5 7. h3 e5 8. Nd5 Be6 9. c4 Nge7 10. Nf3 Bxd5 11. cxd5 Nd4 12. Nxd4 cxd4 13. Bd2 Qd7 14. h4 Qb5 15. Qb3 Qxb3 16. axb3 Bh6 17. f4 O-O 18. Bb4 exf4 19. Bxd6 Rfe8 20. O-O fxg3 21. Bxg3 a6 22. Bc7 Be3+ 23. Kh1 Rac8 24. d6 Rxc7 25. dxc7 Rc8 26. Ra4 Nc6 27. Rc4 Rxc7 28. e5 Re7 29. Bxc6 bxc6 30. Rxc6 a5 31. Rc5 Bd2 32. Rd5 Kg7 33. Kg2 g5 34. hxg5 Kg6 35. Rf2 Be3 36. Rf6+ Kxg5 37. Rxf7 Re6 38. Rxa5 Kg4 39. Rf6 Re7 40. e6 Rc7 41. Rg6+ Kf4 42. Rgg5 Rc2+ 43. Kh3 Bd2 44. Raf5+ 1-0

[Event "CAN-ch"]
[Site "Montreal CAN"]
[Date "2001.08.28"]
[Round "9"]
[White "Ghannoum, Marc"]
[Black "Gardner, Robert"]
[Result "1-0"]
[WhiteElo "2192"]
[BlackElo "2206"]
[PlyCount "139"]
[GameId "2160767911547022"]
[EventDate "2001.08.21"]
[EventType "swiss"]
[EventRounds "9"]
[EventCountry "CAN"]
[SourceTitle "The Week in Chess 356"]
[Source "Mark Crowther"]
[SourceDate "2001.03.09"]
[SourceVersion "2"]
[SourceVersionDate "2001.03.09"]
[SourceQuality "2"]

1. e4 c5 2. b3 Nc6 3. Bb2 e5 4. Bc4 d6 5. Nc3 Be6 6. Nge2 Qd7 7. O-O g5 8. Nd5 h5 9. c3 O-O-O 10. b4 f5 11. d4 f4 12. Qa4 Kb8 13. b5 Nce7 14. dxc5 dxc5 15. Rfd1 Nxd5 16. Bxd5 Bd6 17. c4 Bxd5 18. Rxd5 Qe7 19. Nc3 Nf6 20. Rd3 g4 21. Rad1 h4 22. f3 h3 23. b6 a6 24. g3 fxg3 25. hxg3 h2+ 26. Kh1 Rh3 27. Nb5 Rxg3 28. Rxd6 Rg1+ 29. Kxh2 Rxd1 30. Qxd1 Rh8+ 31. Kg1 gxf3 32. Rd8+ Rxd8 33. Bxe5+ Ka8 34. Qxd8+ Qxd8 35. Nc7+ Kb8 36. Ne6+ Kc8 37. Nxd8 Nxe4 38. Nf7 Kd7 39. Bc7 Nc3 40. Nd8 Kc8 41. Ne6 Na4 42. Kf2 Kd7 43. Nd8 Kc8 44. Kxf3 Nb2 45. Ke4 Nxc4 46. Kd5 Nb2 47. Kxc5 Na4+ 48. Kd6 Nc3 49. Kc5 Nxa2 50. Nf7 Nc3 51. Nd6+ Kd7 52. Nxb7 Na4+ 53. Kd5 Nc3+ 54. Kc4 Nd1 55. Nc5+ Kc6 56. Nxa6 Ne3+ 57. Kd4 Nf5+ 58. Ke5 Ne7 59. Nb4+ Kb7 60. Nd5 Nc6+ 61. Kd6 Na5 62. Kc5 Nb3+ 63. Kc4 Nd2+ 64. Kb5 Ne4 65. Ne3 Nc3+ 66. Kb4 Ne4 67. Nc4 Nf6 68. Na5+ Kc8 69. Kc5 Ne8 70. Be5 1-0

[Event "CAN-ch"]
[Site "Montreal CAN"]
[Date "2001.08.28"]
[Round "9"]
[White "Gurevich, Artjom"]
[Black "Reddy, Tyler"]
[Result "1/2-1/2"]
[WhiteElo "2197"]
[BlackElo "2084"]
[PlyCount "35"]
[GameId "2160767911547023"]
[EventDate "2001.08.21"]
[EventType "swiss"]
[EventRounds "9"]
[EventCountry "CAN"]
[SourceTitle "EXT 2002"]
[Source "ChessBase"]
[SourceDate "2001.11.25"]
[SourceVersion "1"]
[SourceVersionDate "2001.11.25"]
[SourceQuality "1"]

1. d4 d5 2. Nf3 Nc6 3. Bf4 Bg4 4. e3 e6 5. Be2 Bd6 6. Bxd6 cxd6 7. O-O Nf6 8. Nbd2 O-O 9. h3 Bh5 10. c4 Rc8 11. cxd5 Nxd5 12. Rc1 a6 13. Ne4 Bg6 14. Nc3 Nce7 15. Qd2 Qd7 16. Nxd5 Nxd5 17. Bc4 Nb6 18. Bd3 1/2-1/2